000 00510nam a22001577a 4500
999 _c5338
_d5338
003 GBCCL
005 20241126110539.0
008 180315b ||||| |||| 00| 0 eng d
040 _cgbc
082 _a232.954
_bMAN
245 _aThe Man you cannot ignore:
_bThe Life and Teachings of Jesus from Good News for Modern Man /
_cIllustrated by Ken Rice
260 _aSingapore:
_bUnited Bible Societies,
_c1966
300 _a111 p.;
_bill.,
_c18 cm.
650 _aJesus Christ
_vLife and Teaching
_99625
942 _2ddc
_cBK